00362pab a2200121 454500008004000000100001800040245010500058260000900163300001400172362000800186650001800194773002800212180718b2006 xxu||||| |||| 00| 0 eng d aQuemin, Alain aGlobalization and mixing in the visual arts: an empirical survey of `high culture' and globalization c2006 ap.522-50. aJul aGlobalization aInternational Sociology